|
|
|
|
| LEADER |
00000nam a22000007a 4500 |
| 005 |
20130402185747.0 |
| 007 |
cr|||| |||| |
| 008 |
130402e2013 mx |||||s|||| 00||0 spa d |
| 035 |
|
|
|a 10960
|
| 040 |
|
|
|a vLex
|
| 090 |
|
|
|c 4103
|d 4103
|
| 100 |
1 |
0 |
|a Gonzl̀ez Licea, Genaro
|
| 245 |
1 |
0 |
|a Reflexiones Jurd̕icas sobre Derechos Fundamentales, Fuero de Guerra y Gňero en Mx̌ico
|c / Genaro Gonzl̀ez Licea
|h [Recurso electrn̤ico]
|
| 256 |
|
|
|a Servicio en ln̕ea
|
| 260 |
|
|
|a Mx̌ico D.F. :
|b Criminogenesis,
|c 2013
|
| 300 |
|
|
|a 1 Recurso electrn̤ico
|
| 506 |
|
|
|a Contenido solo disponible en los productos indicados
|d vLex Global
|d vLex Global (Academic Edition, excluding Law Schools)
|d vLex Global (U.S. Academic Edition, Law Schools)
|d vLex Global (U.S. Academic Edition, excluding Law Schools)
|d vLex Global (Academic Edition, Law Schools)
|
| 650 |
0 |
4 |
|a Derechos humanos
|z Mx̌ico
|
| 650 |
0 |
4 |
|a Derecho constitucional
|z Mx̌ico
|
| 740 |
|
|
|a vLex Libros (Servicio en ln̕ea)
|
| 856 |
|
|
|a Acceso restringido
|u http://www.vlex.com/source/10960
|
| 942 |
|
|
|c BOOK
|
| 999 |
|
0 |
|a Human rights
|